000 00870nam a22002417a 4500
005 20231226164450.0
010 _aENG-138746 ENG-138740 ENG-138741
020 _a9789390897339 (Set Of 3)
_c4000.00
035 _aEN-122278
035 _aEN-122272
035 _aEN-122273
037 _bDBAD/PUB
082 _a370.954
_21
100 _aSahu, Parikshit
_960242
245 _aEducation in Modern India:
_cBy Parikshit Sahu
_bEvolution And Evalution/
250 _a1
260 _aNew Delhi
_bNeelkamal Publications Pvt. Ltd
_c2023
270 _a4761/1, 23, Ansari Road, Daryaganj
_bNew Delhi
_e110002
_mneelkamalbooks@gmail.com
_k011-23244237
_k9811828953
300 _axxiii+913p.
_bINDEX
_c25cm(hbk)
490 _aSet of 3
_vVol,1 Vol,2,Vol.3
500 _aA Source Book for Teachers, Education and Policymakers
942 _2ddc
_cEN
_h370.954
_mSAH
_e1
999 _c199816
_d199816